Bioética, ficçao e identidade: a construçao de uma ponte para o futuro em Avatar (Record no. 352033)

000 -CABECERA
Campo de control de longitud fija 00440nab a22001217u 4500
008 - CÓDIGOS DE INFORMACIÓN DE LONGITUD FIJA
Campo de control de longitud fija 130520b2010 xxu||||| |||| 00| 0 por d
041 ## - CÓDIGO DE LENGUA
Código de lengua del texto/banda sonora o título independiente por
100 1# - PUNTO DE ACCESO PRINCIPAL-NOMBRE DE PERSONA
Nombre de persona Magalhaes, Susana
9 (RLIN) 66515
245 00 - MENCIÓN DE TÍTULO
Título Bioética, ficçao e identidade: a construçao de uma ponte para o futuro em Avatar
Mención de responsabilidad, etc. Susana Magalhaes, Joana Araújo
700 1# - PUNTO DE ACCESO ADICIONAL-NOMBRE DE PERSONA
Nombre de persona Araújo, Joana
9 (RLIN) 66516
773 0# - ENLACE AL DOCUMENTO FUENTE
Título Broteria
Parte(s) relacionada(s) V.171, nº6,2010,págs. 435-444
Número Internacional Normalizado para Publicaciones Seriadas (ISSN) 0870-7618
Número de control del registro relacionado Rev100
942 ## - ENTRADA DE ELEMENTOS AGREGADOS (KOHA)
Koha [por defecto] tipo de item Artículos de revista
Holdings
Suprimido Perdido Estropeado No para préstamo Localización permanente Localización actual Localización en estantería Fecha adquisición Préstamos totales Fecha última consulta Fecha del precio de reemplazo Tipo de item de Koha
        San Esteban San Esteban Depósito de revistas 21/05/2013   21/05/2013 21/05/2013 Artículos de revista

Bibliotecas Dominicos Provincia Hispania, 2016

Con tecnología Koha